|
|
|
|
| LEADER |
01575nam a2200289 i 4500 |
| 001 |
10065985 |
| 003 |
GR-PaULI |
| 005 |
20220803135437.0 |
| 008 |
080404s2021 gr a 0 1 gre d |
| 952 |
|
|
|0 0
|1 0
|2 ddc
|4 0
|6 889_334000000000000_ΧΙΟ
|7 0
|9 363205
|a LISP
|b LISP
|c BSC
|d 2022-08-03
|i 257962
|l 0
|o 889.334 ΧΙΟ
|p 025000294049
|r 2022-08-03 00:00:00
|t 1
|w 2022-08-03
|y BK15
|
| 999 |
|
|
|c 212216
|d 212216
|
| 020 |
|
|
|a 9786185461140
|
| 040 |
|
|
|a GR-PaULI
|b gre
|c GR-PaULI
|e AACR2
|
| 082 |
0 |
4 |
|a 889.334
|2 23
|
| 100 |
1 |
|
|9 79033
|a Χιόνης, Αργύρης,
|d 1943-2011,
|e συγγραφέας
|
| 245 |
1 |
2 |
|a Η πολιτεία Λαβύρινθος :
|b & άλλες αθησαύριστες ιστορίες /
|c Αργύρης Χιόνης ; επιλογή, πρόλογος, σημειώσεις Κυριάκος Ραμολής ; φιλολογική επιμέλεια Γιώτα Κριτσέλη ; με σχέδια της Εύης Τσακνιά.
|
| 246 |
0 |
|
|a Η πολιτεία Λαβύρινθος και άλλες αθησαύριστες ιστορίες
|
| 250 |
|
|
|a 2η έκδ.
|
| 260 |
|
|
|a Αθήνα :
|b Κίχλη,
|c 2021.
|
| 300 |
|
|
|a 149 σ. ;
|c 20 εκ.
|
| 490 |
0 |
|
|a Σύγχρονη ελληνική πεζογραφία
|
| 490 |
0 |
|
|a Εξ αρχείων 2
|
| 700 |
1 |
|
|9 193313
|a Ραμολής, Κυριάκος
|d 1962-
|e συγγραφέας προλόγου
|
| 700 |
1 |
|
|9 138567
|a Κριτσέλη, Γιώτα
|e επιμελήτρια
|
| 700 |
|
|
|9 53979
|a Τσακνιά, Εύη,
|d 1962-
|e εικονογράφος
|
| 942 |
|
|
|2 ddc
|c BK
|
| 998 |
|
|
|c ΓΚΟΓΚΟΥ
|d 2022-08
|